| 000 | 00575nam a2200133 a 4500 | ||
|---|---|---|---|
| 001 | 000026161 | ||
| 005 | 20200930024344.0 | ||
| 008 | 110303s1976 dr ac 000 0 spa d | ||
| 040 |
_aDO-SdBNP _bspa _cBNPHU |
||
| 245 | 0 | 0 |
_aRecverdo d la visita d los reyes d España : _bJvan Carlos I y la reyna Sofía, a Santo Domingo d Gvzman, Civdad Primada d América. 31 de mayo -1ro d jvnio d 1976 /. |
| 246 | 1 | 4 | _aLos reyes de España en la República Dominicana |
| 260 |
_aSanto Domingo : _bEdiciones Mundo Diplomático Internacional, _c1976. |
||
| 300 |
_a150 p. : _bil., retrs. ; _c27 cm. |
||
| 999 |
_c25653 _d25653 |
||